| 000 | 00707nam a2200277Ia 4500 | ||
|---|---|---|---|
| 008 | 180207s9999 xx 000 0 und d | ||
| 020 | _a9789810792411 | ||
| 050 | _bL833 2014 | ||
| 100 | _aLoh, Pauline | ||
| 245 | _aNot in the stars / | ||
| 245 | _cby Pauline Loh. | ||
| 260 | _aNew York : | ||
| 260 | _bScholastic Inc., | ||
| 260 | _c2014 | ||
| 300 | _a121 pages : | ||
| 300 | _billustrations ; | ||
| 300 | _c19cm. | ||
| 500 | _aScholastoc Asian book award finalist. | ||
| 650 | _aKidnapping -- | ||
| 650 | _aTeenagers -- | ||
| 650 | _aWomen house employees -- | ||
| 650 | _xJuvenile fiction. | ||
| 650 | _xJuvenile fiction. | ||
| 650 | _xJuvenile literature. | ||
| 700 | _aTitle. | ||
| 999 |
_c354980 _d354980 |
||